Culture Générale 3 - Statistiques

Statistiques générales
  • Ce quiz a été pris 92 fois
    55 depuis la dernière actualisation
  • Le résultat moyen est 9 sur 20
Statistiques - réponses
Hint Réponse % Correct
Langue la plus parlée au monde Mandarin
90%
L'élément dont le symbole chimique est Au Or
78%
Pays de naissance de Elon Musk Afrique du Sud
73%
Seul métal liquide à température ambiante Mercure
73%
Compositeur de "l'Ode à la Joie", hymne de l'UE Beethoven
71%
Écrivain espagnol auteur de Don Quichotte Miguel de Cervantes
61%
Auteur des aventures de Sherlock Holmes Arthur Conan Doyle
51%
Premier pays à accorder le droit de vote aux femmes Nouvelle-Zélande
51%
Nom de naissance de Muhammad Ali Cassius Clay
47%
Actrice devenu célèbre de son vraie nom Norma Jeane Mortenson Marilyn Monroe
47%
Acteur français connu pour avoir joué Don Camillo Fernandel
45%
Plus haute montagne d'Europe (prenant en compte le massif du Caucase) Elbrouz
37%
Nom de fleur faisant référence à l'éclatement d'une bulle spéculative de 1637 Tulipe
37%
Date du premier animal cloné, un mouton nommé "Dolly" 1996
31%
President américain figurant sur le billet de 2 dollars Thomas Jefferson
29%
Année de l'ouverture du premier parc Walt Disney en Floride 1971
25%
Qui est à l'initiative de la loi de séparation de l'Église et de l'État en 1905 Aristide Briand
6%
Première femme à remporter l'Oscar du meilleur réalisateur pour Démineurs en 2010 Kathryn Bigelow
4%
Premier livre publié par Honoré de Balzac Les Chouans
0%
Spectacle le plus ancien de Broadway qui a fermé en 2023 The Phantom of the Opera
0%
Aucun quiz correspondant
Distribution des résultats
% des personnes avec chaque résultat
Percentile par nombre de réponses
Votre historique - résultats
Vous n’avez pas pris ce quiz depuis la dernière actualisation